[Event "SVK-ch U20 Girls"]
[Site "Lubovna"]
[Date "2020.08.20"]
[Round "7"]
[White "Nadzamova, Viktoria"]
[Black "Datelova, Daniela"]
[Result "1-0"]
[WhiteElo "1966"]
[BlackElo "1466"]
[PlyCount "39"]
[EventDate "2020.08.15"]
[EventType "swiss"]
[EventRounds "9"]
[EventCountry "SVK"]
[SourceTitle "EXT 2021"]
[Source "ChessBase"]
[SourceDate "2020.10.23"]
[SourceVersion "1"]
[SourceVersionDate "2020.10.23"]
[SourceQuality "1"]

1. e4 e6 2. d4 d5 3. Nc3 Nf6 4. e5 Nfd7 5. f4 c5 6. Nf3 Nc6 7. Be3 a6 8. a3 b5 9. dxc5 Bxc5 10. Bxc5 Nxc5 11. b4 Nd7 12. Bd3 Nb6 13. Qd2 Bb7 14. 0-0 Nc4 15. Qf2 Qe7 16. Ne2 0-0 17. Bxh7+ Kh8 18. Ng5 f6 19. Bg6 fxg5 20. Qf3 1-0

[Event "SVK-ch U20 Girls"]
[Site "Lubovna"]
[Date "2020.08.17"]
[Round "3"]
[White "Fajtakova, Silvia"]
[Black "Datelova, Daniela"]
[Result "1-0"]
[WhiteElo "1509"]
[BlackElo "1466"]
[PlyCount "87"]
[EventDate "2020.08.15"]
[EventType "swiss"]
[EventRounds "9"]
[EventCountry "SVK"]
[SourceTitle "EXT 2021"]
[Source "ChessBase"]
[SourceDate "2020.10.23"]
[SourceVersion "1"]
[SourceVersionDate "2020.10.23"]
[SourceQuality "1"]

1. e4 e6 2. d4 d5 3. Nc3 Nf6 4. Bg5 Be7 5. e5 Nfd7 6. Bxe7 Qxe7 7. Nb5 Nb6 8. c3 a6 9. Na3 c5 10. Qb3 Qc7 11. Nf3 Bd7 12. Qd1 c4 13. Be2 0-0 14. 0-0 Nc6 15. h3 Ne7 16. Qc1 Ng6 17. h4 h6 18. h5 Ne7 19. Nh2 f5 20. Qf4 Be8 21. Rfe1 Kh7 22. Bd1 g5 23. Qg3 f4 24. Qh3 Nf5 25. g3 fxg3 26. fxg3 Qe7 27. Bc2 Kg7 28. Re2 Bc6 29. Rf1 Bd7 30. Ng4 Kh8 31. Ref2 Qg7 32. Nf6 Ne3 33. Nxd7 Rxf2 34. Rxf2 Qxd7 35. Rf6 Nxc2 36. Rxh6+ Kg7 37. Rg6+ Kh7 38. Nxc2 Re8 39. Ne3 Qf7 40. Rf6 Qe7 41. Qg4 Nd7 42. Rg6 Rf8 43. Qxe6 Qxe6 44. Rxe6 1-0

[Event "SVK-ch U20 Girls"]
[Site "Lubovna"]
[Date "2020.08.15"]
[Round "1"]
[White "Datelova, Daniela"]
[Black "Vozarova, Adriana"]
[Result "0-1"]
[WhiteElo "1466"]
[BlackElo "1745"]
[PlyCount "46"]
[EventDate "2020.08.15"]
[EventType "swiss"]
[EventRounds "9"]
[EventCountry "SVK"]
[SourceTitle "EXT 2021"]
[Source "ChessBase"]
[SourceDate "2020.10.23"]
[SourceVersion "1"]
[SourceVersionDate "2020.10.23"]
[SourceQuality "1"]

1. c4 c5 2. Nc3 Nc6 3. Nf3 g6 4. g3 Bg7 5. Bg2 d6 6. Rb1 Be6 7. d3 Qc8 8. 0-0 h5 9. a3 Bh3 10. Qc2 h4 11. Ne4 hxg3 12. fxg3 Bxg2 13. Kxg2 Qh3+ 14. Kf2 Bd4+ 15. Ke1 Nf6 16. Neg5 Qd7 17. e3 Be5 18. b4 Ng4 19. Qd2 Nxh2 20. Nxh2 Bxg3+ 21. Kd1 Rxh2 22. Qc3 Qg4+ 23. Nf3 Ne5 0-1

[Event "EU-ch U16 Girls"]
[Site "Bratislava"]
[Date "2019.08.10"]
[Round "9"]
[White "Villanyi, Alexia"]
[Black "Datelova, Daniela"]
[Result "1-0"]
[WhiteElo "1762"]
[BlackElo "1466"]
[PlyCount "125"]
[EventDate "2019.08.02"]
[EventType "swiss"]
[EventRounds "9"]
[EventCountry "SVK"]
[SourceTitle "CBM 191 Extra"]
[Source "ChessBase"]
[SourceDate "2019.09.30"]
[SourceVersion "1"]
[SourceVersionDate "2019.09.30"]
[SourceQuality "1"]

1. e4 e6 2. b3 d5 3. Bb2 c5 4. exd5 exd5 5. Bb5+ Bd7 6. Qe2+ Qe7 7. Nc3 Nf6 8. Bxd7+ Nbxd7 9. Nb5 Qxe2+ 10. Nxe2 Kd8 11. d4 a6 12. Nbc3 c4 13. Nf4 Nb6 14. f3 Bd6 15. Nce2 Re8 16. Kd2 Kd7 17. g4 h6 18. h4 g5 19. Ng2 Re7 20. Rae1 Rae8 21. Kd1 Kc6 22. Bc1 Nh7 23. c3 f6 24. Bd2 Nc8 25. Nc1 Rxe1+ 26. Rxe1 Rxe1+ 27. Bxe1 b5 28. Ne3 Ne7 29. Ne2 Nf8 30. hxg5 hxg5 31. Ng3 Nfg6 32. Nh5 Ng8 33. Nf5 Nf4 34. Nxd6 Nxh5 35. Nxc4 dxc4 36. gxh5 cxb3 37. axb3 Kd5 38. Ke2 a5 39. Kd3 a4 40. bxa4 bxa4 41. c4+ Kc6 42. Bb4 f5 43. d5+ Kd7 44. Kd4 g4 45. fxg4 fxg4 46. Ke3 Nf6 47. h6 Ke8 48. Kf4 Kf7 49. Bc3 a3 50. h7 Nxh7 51. Kxg4 Nf6+ 52. Kf4 Ne8 53. Ke5 a2 54. d6 Nf6 55. c5 Nd7+ 56. Kd5 Ke8 57. c6 Nf8 58. Kc5 Kd8 59. Kb6 Kc8 60. Bf6 Ne6 61. d7+ Kb8 62. d8Q+ Nxd8 63. c7+ 1-0

[Event "EU-ch U16 Girls"]
[Site "Bratislava"]
[Date "2019.08.09"]
[Round "8"]
[White "Datelova, Daniela"]
[Black "Davidson, Laura"]
[Result "1/2-1/2"]
[WhiteElo "1466"]
[BlackElo "1616"]
[PlyCount "41"]
[EventDate "2019.08.02"]
[EventType "swiss"]
[EventRounds "9"]
[EventCountry "SVK"]
[SourceTitle "CBM 191 Extra"]
[Source "ChessBase"]
[SourceDate "2019.09.30"]
[SourceVersion "1"]
[SourceVersionDate "2019.09.30"]
[SourceQuality "1"]

1. d4 Nf6 2. c4 e6 3. Nc3 Bb4 4. Qc2 0-0 5. Nf3 c5 6. dxc5 Qa5 7. Bd2 Qxc5 8. e3 d5 9. Na4 Bxd2+ 10. Nxd2 Qa5 11. Nc3 Rd8 12. Bd3 h6 13. 0-0 Nc6 14. a3 Ne5 15. Be2 dxc4 16. Nxc4 Nxc4 17. Bxc4 Bd7 18. Rfd1 Rac8 19. Bb3 Bc6 20. Rxd8+ Rxd8 21. Rd1 1/2-1/2

[Event "EU-ch U16 Girls"]
[Site "Bratislava"]
[Date "2019.08.03"]
[Round "2"]
[White "Datelova, Daniela"]
[Black "Donghvani, Nia"]
[Result "0-1"]
[WhiteElo "1466"]
[BlackElo "1864"]
[PlyCount "74"]
[EventDate "2019.08.02"]
[EventType "swiss"]
[EventRounds "9"]
[EventCountry "SVK"]
[SourceTitle "CBM 191 Extra"]
[Source "ChessBase"]
[SourceDate "2019.09.30"]
[SourceVersion "1"]
[SourceVersionDate "2019.09.30"]
[SourceQuality "1"]

1. c4 c5 2. g3 g6 3. Bg2 Bg7 4. Nc3 Nc6 5. a3 e6 6. Rb1 Nge7 7. b4 cxb4 8. axb4 0-0 9. Nf3 d5 10. c5 e5 11. 0-0 Bf5 12. Rb2 e4 13. Ne1 a6 14. e3 Ne5 15. Rb3 Qd7 16. Ne2 N7c6 17. Bb2 h5 18. Bxe5 Nxe5 19. Nd4 Bg4 20. f3 exf3 21. Bxf3 Nxf3+ 22. Ndxf3 d4 23. e4 Rae8 24. d3 Bh6 25. Nc2 Qe6 26. Rb2 Rd8 27. Qe1 Qe7 28. Kg2 Bg7 29. Qf2 Qd7 30. Re1 f5 31. h3 fxe4 32. hxg4 Rxf3 33. Qg1 Qxg4 34. Qh2 e3 35. Rf1 Rxf1 36. Kxf1 Rf8+ 37. Ke1 Be5 0-1

[Event "SVK-ch U16/20 Girls"]
[Site "Liptovsky Mikulas"]
[Date "2019.04.26"]
[Round "5"]
[White "Datelova, Daniela"]
[Black "Walterova, Ema"]
[Result "0-1"]
[WhiteElo "1461"]
[BlackElo "1743"]
[PlyCount "64"]
[EventDate "2019.04.23"]
[EventType "swiss"]
[EventRounds "9"]
[EventCountry "SVK"]
[SourceTitle "CBM 190 Extra"]
[Source "ChessBase"]
[SourceDate "2019.07.15"]
[SourceVersion "1"]
[SourceVersionDate "2019.07.15"]
[SourceQuality "1"]

1. e4 e5 2. Nf3 Nc6 3. Bb5 a6 4. Bxc6 dxc6 5. Nc3 Bd6 6. 0-0 Bg4 7. d3 h6 8. h3 Bh5 9. Be3 Nf6 10. d4 Qe7 11. Re1 Rd8 12. Qe2 0-0 13. Rad1 Nd7 14. Rd3 exd4 15. Bxd4 c5 16. Be3 Ne5 17. Nd5 Nxf3+ 18. gxf3 Qe6 19. Nf4 Bxf4 20. Bxf4 Qxh3 21. Bg3 Rd7 22. Rxd7 Qxd7 23. Rd1 Qe7 24. Kg2 f5 25. Qc4+ Kh8 26. e5 b5 27. Qd3 f4 28. Bh2 Qg5+ 29. Kf1 Qxe5 30. c3 Re8 31. a3 Bf7 32. Qd2 Qg5 0-1

[Event "Liptovsky Mikulas V4 U15 op"]
[Site "Liptovsky Mikulas"]
[Date "2017.06.23"]
[Round "5"]
[White "Datelova, Daniela"]
[Black "Pogadl, Jakub"]
[Result "1/2-1/2"]
[WhiteElo "1451"]
[BlackElo "1552"]
[PlyCount "75"]
[EventDate "2017.06.21"]
[EventType "swiss"]
[EventRounds "9"]
[EventCountry "SVK"]
[SourceTitle "CBM 179 Extra"]
[Source "ChessBase"]
[SourceDate "2017.08.23"]
[SourceVersion "1"]
[SourceVersionDate "2017.08.23"]
[SourceQuality "1"]

1. f4 Nf6 2. Nf3 g6 3. e3 Bg7 4. Be2 0-0 5. d4 d6 6. b3 Nbd7 7. Bb2 b6 8. 0-0 Bb7 9. Bd3 c5 10. c4 Ne4 11. Nbd2 Ndf6 12. Nxe4 Nxe4 13. Qc2 f5 14. Nd2 Nxd2 15. Qxd2 Re8 16. Qe2 e5 17. fxe5 dxe5 18. d5 e4 19. Bb1 Bxb2 20. Qxb2 Qg5 21. Qf2 Rad8 22. Qf4 Qxf4 23. Rxf4 b5 24. Bc2 Ba6 25. cxb5 Bxb5 26. a4 Ba6 27. Rc1 Kh8 28. Rf2 Rxd5 29. Bb1 Rb8 30. Ba2 Rd3 31. Rfc2 Rc8 32. b4 Rxe3 33. Rxc5 Rxc5 34. bxc5 Rd3 35. c6 Bc8 36. Bb1 Rb3 37. Rd1 Rc3 38. Rd8+ 1/2-1/2

[Event "SVK-ch U14 Girls"]
[Site "Liptovsky Mikulas"]
[Date "2017.04.25"]
[Round "6"]
[White "Taragelova, Martina"]
[Black "Datelova, Daniela"]
[Result "1-0"]
[WhiteElo "1802"]
[BlackElo "1334"]
[PlyCount "59"]
[EventDate "2017.04.22"]
[EventType "swiss"]
[EventRounds "9"]
[EventCountry "SVK"]
[SourceTitle "CBM 178 Extra"]
[Source "ChessBase"]
[SourceDate "2017.06.22"]
[SourceVersion "1"]
[SourceVersionDate "2017.06.22"]
[SourceQuality "1"]

1. e4 e6 2. d4 d5 3. e5 c5 4. c3 Nc6 5. Nf3 g6 6. Be2 Bd7 7. 0-0 cxd4 8. cxd4 Bg7 9. Nc3 Nge7 10. Bg5 0-0 11. Qd2 Qb6 12. Na4 Qc7 13. Rac1 Nf5 14. g4 Nfe7 15. Bxe7 Rfe8 16. Bd6 Qd8 17. Nc5 b6 18. Nxd7 Qxd7 19. Bb5 Rec8 20. Rc2 a6 21. Bxc6 Rxc6 22. Rxc6 Qxc6 23. Rc1 Qd7 24. Rc7 Qd8 25. Qc3 Bf8 26. Qc6 b5 27. Bxf8 Kxf8 28. Qb7 Qe8 29. Ng5 Kg8 30. Rxf7 1-0

[Event "EU-ch U12 Girls 26th"]
[Site "Prague"]
[Date "2016.08.25"]
[Round "7"]
[White "Datelova, Daniela"]
[Black "Deleu, Ellen"]
[Result "1-0"]
[WhiteElo "1340"]
[BlackElo "1181"]
[PlyCount "121"]
[EventDate "2016.08.18"]
[EventType "swiss"]
[EventRounds "9"]
[EventCountry "CZE"]
[SourceTitle "CBM 174 Extra"]
[Source "ChessBase"]
[SourceDate "2016.10.10"]
[SourceVersion "1"]
[SourceVersionDate "2016.10.10"]
[SourceQuality "1"]

1. f4 d5 2. d4 e6 3. Nf3 c5 4. e3 b6 5. b3 Nf6 6. Nbd2 Nbd7 7. Bb2 Qc7 8. Bd3 cxd4 9. Bxd4 Bc5 10. Bb5 a6 11. Bxd7+ Bxd7 12. Ne5 Bxd4 13. exd4 Qc3 14. Nef3 Qe3+ 15. Qe2 Qxf4 16. c4 0-0 17. 0-0 Ng4 18. g3 Qe3+ 19. Qxe3 Nxe3 20. Rf2 f6 21. Re2 Nf5 22. Rc1 g5 23. g4 Nh6 24. h3 Rac8 25. a4 b5 26. axb5 axb5 27. c5 Rfe8 28. b4 Nf7 29. Rce1 f5 30. Ne5 Nxe5 31. Rxe5 fxg4 32. Rxg5+ Kh8 33. hxg4 Rg8 34. Ree5 Rxg5 35. Rxg5 Rg8 36. Rxg8+ Kxg8 37. Nf3 Kg7 38. Ne5 Be8 39. c6 Bxc6 40. Nxc6 Kg6 41. Kf2 Kf7 42. Kf3 Kf6 43. Kf4 h6 44. Na7 Ke7 45. Nxb5 Kd7 46. Ke5 Ke7 47. Nd6 Kd7 48. b5 Kc7 49. Kxe6 Kd8 50. Kxd5 Ke7 51. Kc6 Kf6 52. b6 Kg5 53. Nf5 h5 54. gxh5 Kxf5 55. b7 Kg5 56. b8Q Kxh5 57. Qg8 Kh6 58. Kd5 Kh5 59. Ke5 Kh6 60. Kf5 Kh5 61. Qg5# 1-0

[Event "EU-ch U12 Girls 26th"]
[Site "Prague"]
[Date "2016.08.22"]
[Round "5"]
[White "Qasem, Huda"]
[Black "Datelova, Daniela"]
[Result "1/2-1/2"]
[WhiteElo "1459"]
[BlackElo "1340"]
[PlyCount "105"]
[EventDate "2016.08.18"]
[EventType "swiss"]
[EventRounds "9"]
[EventCountry "CZE"]
[SourceTitle "CBM 174 Extra"]
[Source "ChessBase"]
[SourceDate "2016.10.10"]
[SourceVersion "1"]
[SourceVersionDate "2016.10.10"]
[SourceQuality "1"]

1. e4 d5 2. exd5 Nf6 3. Nf3 Nxd5 4. d4 Nc6 5. c4 Nb6 6. d5 Na5 7. Qd4 c6 8. b4 Naxc4 9. Bxc4 cxd5 10. Bb3 Bf5 11. Nc3 e6 12. 0-0 Be7 13. Bb2 Bf6 14. Qd2 Rc8 15. Nb5 a6 16. Bxf6 gxf6 17. Nbd4 Be4 18. Qe2 Nc4 19. Bxc4 Rxc4 20. a3 Rg8 21. g3 e5 22. Nb3 Rc3 23. Nbd2 Bd3 24. Qe1 Bxf1 25. Kxf1 Qd7 26. Nxe5 Qf5 27. Nec4+ Kd7 28. Ne3 Qd3+ 29. Kg1 Re8 30. Qd1 d4 31. Nd5 Rc6 32. Nb3 Qxd1+ 33. Rxd1 Rd6 34. Rxd4 Re1+ 35. Kg2 Ke8 36. Nf4 Rxd4 37. Nxd4 Ra1 38. Nc2 Ra2 39. Ne3 Rxa3 40. Nfd5 Kf8 41. Nxf6 Kg7 42. Nfd5 a5 43. bxa5 Rxa5 44. Kf3 b5 45. Nb4 Ra4 46. Nec2 Kf6 47. Ke3 Ke6 48. Kd4 Kd6 49. h3 f6 50. g4 h6 51. f4 Ra7 52. Ne3 Rc7 53. Nf5+ 1/2-1/2

[Event "World ol U16"]
[Site "Poprad"]
[Date "2016.07.29"]
[Round "9.4"]
[White "Surujhlal, Kayla"]
[Black "Datelova, Daniela"]
[Result "1-0"]
[WhiteElo "1352"]
[BlackElo "1272"]
[PlyCount "99"]
[EventDate "2016.07.22"]
[EventType "team-swiss"]
[EventRounds "9"]
[EventCountry "SVK"]
[SourceTitle "EXT 2017"]
[Source "ChessBase"]
[SourceDate "2016.10.25"]
[SourceVersion "1"]
[SourceVersionDate "2016.10.25"]
[SourceQuality "1"]
[WhiteTeam "South Africa II"]
[BlackTeam "Slovakia LSS II"]
[WhiteTeamCountry "RSA"]
[BlackTeamCountry "SVK"]

1. e4 d5 2. exd5 Nf6 3. Nc3 Nxd5 4. Bc4 Nxc3 5. Qf3 e6 6. Qxc3 Nc6 7. Ne2 Bd7 8. 0-0 e5 9. Qb3 Qf6 10. Qe3 Bd6 11. f4 0-0-0 12. fxe5 Qxe5 13. Qxe5 Nxe5 14. Bxf7 Nxf7 15. Rxf7 Rde8 16. Ng3 Re1+ 17. Rf1 Bc5+ 18. Kh1 Rhe8 19. b3 Bd4 20. c3 Bb5 21. d3 Bxd3 22. Bd2 Rxf1+ 23. Nxf1 Bxf1 24. Rxf1 Bc5 25. Re1 Rd8 26. Bg5 Rf8 27. Bh4 Kd7 28. b4 Bb6 29. h3 a5 30. Re7+ Kc8 31. Rxg7 Rf1+ 32. Kh2 Bg1+ 33. Kg3 axb4 34. cxb4 Rf2 35. a4 Ra2 36. a5 Rb2 37. Rxh7 Bf2+ 38. Kh2 Bxh4 39. Rxh4 Kb8 40. Rc4 c6 41. h4 Ka7 42. h5 Re2 43. Rc5 Re6 44. Kh3 b6 45. axb6+ Kxb6 46. Rg5 Rh6 47. Kh4 Kc7 48. Rg6 Rh8 49. h6 Kd7 50. Rg7+ 1-0

[Event "World ol U16"]
[Site "Poprad"]
[Date "2016.07.22"]
[Round "1.4"]
[White "Amon, Nejc"]
[Black "Datelova, Daniela"]
[Result "1-0"]
[WhiteElo "2104"]
[BlackElo "1272"]
[PlyCount "59"]
[EventDate "2016.07.22"]
[EventType "team-swiss"]
[EventRounds "9"]
[EventCountry "SVK"]
[SourceTitle "EXT 2017"]
[Source "ChessBase"]
[SourceDate "2016.10.25"]
[SourceVersion "1"]
[SourceVersionDate "2016.10.25"]
[SourceQuality "1"]
[WhiteTeam "Slovenia"]
[BlackTeam "Slovakia LSS II"]
[WhiteTeamCountry "SLO"]
[BlackTeamCountry "SVK"]

1. e4 d5 2. exd5 Nf6 3. d4 Nxd5 4. c4 Nf6 5. Nc3 Bf5 6. h3 e6 7. Nf3 Nc6 8. Be2 Bb4 9. 0-0 0-0 10. Be3 Bxc3 11. bxc3 Ne4 12. Rc1 Qf6 13. Re1 Rfd8 14. Bd3 h6 15. Bxe4 Bxe4 16. Bg5 hxg5 17. Rxe4 Qh6 18. Qd2 f5 19. Re2 f4 20. Rce1 Re8 21. d5 Nd8 22. dxe6 Rxe6 23. Rxe6 Nxe6 24. Qd5 Re8 25. Nd4 Kf7 26. Nxe6 Rxe6 27. Qd7+ Kf8 28. Rxe6 Qh5 29. Qd8+ Kf7 30. Qe8# 1-0

[Event "Liptovsky Mikulas CupT U20"]
[Site "Liptovsky Mikulas"]
[Date "2016.06.21"]
[Round "1.4"]
[White "Datelova, Daniela"]
[Black "Broz, Petr"]
[Result "1-0"]
[WhiteElo "1331"]
[BlackElo "1621"]
[PlyCount "61"]
[EventDate "2016.06.21"]
[EventType "team-swiss"]
[EventRounds "8"]
[EventCountry "SVK"]
[SourceTitle "CBM 173 Extra"]
[Source "ChessBase"]
[SourceDate "2016.08.29"]
[SourceVersion "1"]
[SourceVersionDate "2016.08.29"]
[SourceQuality "1"]
[WhiteTeam "Liptov Chess School (U20) II"]
[BlackTeam "Svetla nad Sazavou U20"]
[WhiteTeamCountry "SVK"]
[BlackTeamCountry "CZE"]

1. c4 e6 2. e4 Nc6 3. Nf3 Nf6 4. Nc3 Bb4 5. d3 d5 6. cxd5 exd5 7. exd5 Nxd5 8. Bd2 Bf5 9. Be2 Nxc3 10. Bxc3 Bxc3+ 11. bxc3 0-0 12. 0-0 Re8 13. Re1 Re6 14. Rb1 Qe7 15. Rxb7 Re8 16. Rb2 Bg4 17. d4 Bxf3 18. gxf3 Rg6+ 19. Kh1 Qh4 20. Bd3 Rxe1+ 21. Qxe1 Re6 22. Qb1 Qe7 23. Be4 Nd8 24. Rb8 Kf8 25. Qb7 f5 26. Qa8 fxe4 27. Rxd8+ Kf7 28. Qd5 exf3 29. Rd7 Qxd7 30. Qxd7+ Kf6 31. h3 1-0

[Event "SVK-ch U12 Girls"]
[Site "Liptovsky Mikulas"]
[Date "2016.04.21"]
[Round "7"]
[White "Datelova, Daniela"]
[Black "Vozarova, Adriana"]
[Result "1/2-1/2"]
[WhiteElo "1281"]
[BlackElo "1509"]
[PlyCount "96"]
[EventDate "2016.04.16"]
[EventType "swiss"]
[EventRounds "9"]
[EventCountry "SVK"]
[SourceTitle "CBM 172 Extra"]
[Source "ChessBase"]
[SourceDate "2016.06.21"]
[SourceVersion "1"]
[SourceVersionDate "2016.06.21"]
[SourceQuality "1"]

1. c4 e5 2. e4 Nc6 3. Nc3 Nf6 4. Nf3 Bc5 5. Be2 d6 6. d3 0-0 7. 0-0 Ne8 8. Nd5 Be6 9. Be3 Bxe3 10. Nxe3 f5 11. Nd5 fxe4 12. dxe4 h6 13. Bd3 Bg4 14. Be2 Nf6 15. h3 Bxf3 16. Bxf3 Nd4 17. b3 Nxd5 18. exd5 Qg5 19. Bg4 Rf6 20. Be6+ Nxe6 21. dxe6 Rxe6 22. Qd5 Qe7 23. Qxb7 Qd8 24. Qd5 Qe8 25. Rae1 Kh8 26. Re4 Rb8 27. Rfe1 Rf6 28. Qa5 Rb7 29. f4 Qc6 30. fxe5 dxe5 31. Rxe5 Rg6 32. Qd5 Qxd5 33. Rxd5 Ra6 34. Ra1 Rxb3 35. axb3 Rxa1+ 36. Kf2 Ra6 37. g4 Rb6 38. Rd3 Kh7 39. c5 Rb5 40. Rc3 Kg6 41. Ke3 Kf6 42. Kd4 c6 43. Kc4 a5 44. b4 axb4 45. Rb3 Ke5 46. Re3+ Kf6 47. Rf3+ Ke6 48. Rb3 Ke5 1/2-1/2

[Event "SVK-ch U12 Girls"]
[Site "Liptovsky Mikulas"]
[Date "2016.04.17"]
[Round "2"]
[White "Datelova, Daniela"]
[Black "Korenova, Simona"]
[Result "0-1"]
[WhiteElo "1281"]
[BlackElo "1554"]
[PlyCount "106"]
[EventDate "2016.04.16"]
[EventType "swiss"]
[EventRounds "9"]
[EventCountry "SVK"]
[SourceTitle "CBM 172 Extra"]
[Source "ChessBase"]
[SourceDate "2016.06.21"]
[SourceVersion "1"]
[SourceVersionDate "2016.06.21"]
[SourceQuality "1"]

1. d4 d5 2. c4 c6 3. Nc3 Nf6 4. Nf3 Bf5 5. Bf4 e6 6. e3 Qb6 7. Qd2 Bb4 8. a3 Ne4 9. Qc1 Bxc3+ 10. bxc3 Qa5 11. Rb1 b6 12. Rb3 Qa4 13. Rb4 Qa5 14. Bd3 Na6 15. Rb3 Qa4 16. Bc2 Qa5 17. Bxe4 Bxe4 18. Ne5 Qa4 19. Qd1 dxc4 20. Rb2 Qxa3 21. Qc1 b5 22. 0-0 f6 23. Ng4 h5 24. f3 Bd3 25. Nxf6+ gxf6 26. Re1 Qe7 27. Ra2 Nc7 28. e4 c5 29. dxc5 Qxc5+ 30. Kh1 e5 31. Be3 Qe7 32. Bxa7 Ne6 33. Bc5 Qb7 34. Rxa8+ Qxa8 35. Bb4 Nf4 36. Qb2 Rg8 37. g3 Nh3 38. Kg2 Nf4+ 39. Kh1 Nh3 40. Kg2 Qc8 41. Ba3 Qd7 42. Ra1 h4 43. Bc5 Qc6 44. Qb4 Nf4+ 45. Kh1 Bxe4 46. Kg1 Bxf3 47. Kf1 Bg2+ 48. Ke1 Qe4+ 49. Kd2 Qe2+ 50. Kc1 Nd3+ 51. Kb1 Nxb4 52. Bxb4 Be4+ 53. Kc1 Qc2# 0-1

[Event "SVK-ch U12 Girls"]
[Site "Tatralandia"]
[Date "2015.04.23"]
[Round "7"]
[White "Datelova, Daniela"]
[Black "Korenova, Simona"]
[Result "1/2-1/2"]
[WhiteElo "1175"]
[BlackElo "1386"]
[PlyCount "97"]
[EventDate "2015.04.18"]
[EventType "swiss"]
[EventRounds "9"]
[EventCountry "SVK"]
[SourceTitle "CBM 166 Extra"]
[Source "ChessBase"]
[SourceDate "2015.06.18"]
[SourceVersion "1"]
[SourceVersionDate "2015.06.18"]
[SourceQuality "1"]

1. d4 d5 2. c4 c6 3. Nc3 Nf6 4. Nf3 Bf5 5. Bf4 e6 6. e3 Bd6 7. Bxd6 Qxd6 8. c5 Qc7 9. b4 a6 10. a4 b6 11. a5 bxc5 12. bxc5 Nbd7 13. Bd3 Bg6 14. Bxg6 hxg6 15. 0-0 0-0 16. Qa4 Rab8 17. Rab1 Rxb1 18. Rxb1 Rb8 19. Rb4 Rxb4 20. Qxb4 Nh7 21. Na4 Qb8 22. Nb6 f6 23. g3 e5 24. Nd2 Nhf8 25. f3 Kf7 26. e4 exd4 27. Qxd4 Qb7 28. Kf2 Ne6 29. Qb2 Nexc5 30. Ke3 Ke6 31. Nb3 Nxb3 32. Qxb3 Nxb6 33. axb6 Kd6 34. exd5 cxd5 35. Kd4 g5 36. Qa3+ Kc6 37. Qc5+ Kd7 38. Qxd5+ Qxd5+ 39. Kxd5 a5 40. Kc4 Kc6 41. b7 Kxb7 42. Kb5 Kc7 43. Kxa5 Kc6 44. Kb4 Kd5 45. Kc3 f5 46. Kd3 f4 47. g4 g6 48. h3 Kc5 49. Kc3 1/2-1/2